Baby Boy Names Beginning with 'F' (2010) Quiz Stats

 Plays Quiz not verified by Sporcle

Challenge
Share
Tweet
Embed
Score 0/17 Timer 15:00
0 Plays Today
Overall Ranking Names % Correct
302.Frank
97.3%
496.Frederick
86.7%
669.Francis
86.6%
300.Finn
64.6%
503.Franklin
64%
802.Freddy
63.7%
196.Francisco
57.5%
188.Fernando
55.7%
794.Frankie
54.3%
Overall Ranking Names % Correct
331.Felix
50%
304.Fabian
47.1%
597.Finley
40.1%
588.Felipe
34.1%
838.Franco
32.6%
544.Finnegan
27.2%
872.Fletcher
22.8%
836.Fisher
14.3%

You're not logged in!

Compare scores with friends on all Sporcle quizzes.
OR
Log In

You Might Also Like...

Show Comments

Extras

Created May 26, 2011SourceReportNominate
Tags:Baby Names Quiz, name

Top Quizzes Today


Score Distribution

Your Account Isn't Verified!

In order to create a playlist on Sporcle, you need to verify the email address you used during registration. Go to your Sporcle Settings to finish the process.

Report this User

Report this user for behavior that violates our Community Guidelines.

Details: